Wszystkie sołectwa/dzielnice powiatu mikołowskiego - Statystyki

Ogólne statystyki
  • Ten quiz został rozwiązany 27 razy
  • Średni wynik to 16 z 24
Statystyki odpowiedzi
Gmina Sołectwo % Poprawnych
Łaziska Górne Łaziska Dolne
93%
Łaziska Górne Łaziska Średnie
93%
Ornontowice Ornontowice
93%
Mikołów Centrum
87%
Wyry Wyry
87%
Mikołów Borowa Wieś
80%
Łaziska Górne Brada
80%
Mikołów Mokre
80%
Mikołów Bujaków
73%
Mikołów Kamionka
73%
Łaziska Górne Łaziska Górne
73%
Orzesze Orzesze
73%
Mikołów Śmiłowice
73%
Wyry Gostyń
67%
Mikołów Paniowy
60%
Orzesze Zawada
53%
Orzesze Zgoń
53%
Orzesze Zazdrość
47%
Łaziska Górne Kopanina
40%
Orzesze Mościska
40%
Orzesze Woszczyce
40%
Orzesze Zawiść
40%
Orzesze Gardawice
27%
Orzesze Królówka
27%
Nie znaleziono quizów pasujących do podanych kryteriów
Rozkład punktacji
Procent ludzi z każdym wynikiem
Percentyl według liczby udzielonych odpowiedzi
Twoja historia wyników
Nie rozwiązałeś tego quizu